Pine timber and livestock production - an agroforestry combination for regions with mediterranean climate

Bibliographic Details
Main Author: Anderson, G. W. (Author)
Format: Article
Language:English
PhysicalDescription:Tb. 3., lit. 10 zázn. v angl.
Subjects:

MARC

LEADER 00000nab a2200000 a 4500
001 vtls000399094
003 SK-MaSNL
005 20260318124801.0
008 160204c1989 xo 0 eng
015 |a SNBRA19rr/mm-uuuuu 
035 |a CL0399218 
040 |a SNKBUCL  |b slo  |c SNKBUCL  |e AACR2 
041 0 |a eng 
044 |a xo  |c SK 
080 |a 630 26:636.32/.38.084.22  |2 1981 
080 |a 636.32/.38.084.22  |2 1981 
100 1 |a Anderson, G. W.  |4 aut  |9 1257804 
245 1 0 |a Pine timber and livestock production - an agroforestry combination for regions with mediterranean climate  |c G. W. Anderson 
300 |b Tb. 3., lit. 10 zázn. v angl. 
650 0 7 |a lesy borovicové  |2 snkbucl  |9 1257805 
650 0 7 |a pasienky  |2 snkbucl  |9 15081 
650 0 7 |a ovce  |2 snkbucl  |9 14971 
655 7 |a články zo zborníkov  |2 snkbucl  |9 166140 
773 0 |t Ekológia trávneho porastu 3  |d Banská Bystrica : Dom techniky ČSVTS, 1989  |g S. 286-299 
850 |a Slovenská národná knižnica v Martine  |a MTA001 
852 |a SNK  |b KIS3GCP 
958 |a NB 
958 |a RK 
992 |a RZB 
999 |c 2247477  |d 2249407